00466nam a2200157 a 450000500170000000800410001702000150005805000240007310000180009724500710011525000120018626000590019830000220025752100080027965000210028720140310183555.0111108s19uu xx 00 eng d a9715132057 aQP 34.5b.B352 2006 aBautista, Joy aAnatomy and physiology for the health professions /cJoy Bautista. a1st ed. aErmita, Manila :bEducational Publishing House,c2006. a318 p. :c25 cm.  aNUR aHuman physiology